Spolupráca poľnohospodárskych podnikov s orgánmi miestnych samospráv pri uplatňovaní komunálnej politiky
Analýza participácie podnikateľskej základne a územných samospráv na financovaní rozvoja vidieka. Zhodnotenie spolupráce agropodnikateľských subjektov s orgánmi miestnych samospráv pri uplatňovaní komunálnej politiky. Návrhy na integrovaný a regulovaný postup determinantov miestneho rozvoja. Spoločn...
Uložené v:
| Hlavný autor: | |
|---|---|
| Médium: | Kapitola |
| Jazyk: | Slovak |
| Predmet: | |
| Tagy: |
Žiadne tagy, Buďte prvý, kto otaguje tento záznam!
|
MARC
| LEADER | 00000naa$a2200000$$$4500 | ||
|---|---|---|---|
| 001 | 0080486 | ||
| 005 | 20231018091954.4 | ||
| 041 | 0 | |a slo | |
| 044 | |a SK | ||
| 245 | 1 | 0 | |a Spolupráca poľnohospodárskych podnikov s orgánmi miestnych samospráv pri uplatňovaní komunálnej politiky |c Vladimír Gozora |
| 520 | |a Analýza participácie podnikateľskej základne a územných samospráv na financovaní rozvoja vidieka. Zhodnotenie spolupráce agropodnikateľských subjektov s orgánmi miestnych samospráv pri uplatňovaní komunálnej politiky. Návrhy na integrovaný a regulovaný postup determinantov miestneho rozvoja. Spoločné úlohy agropodnikateľských subjektov a orgánov miestnych samospráv pri riešení spoločných záujmov, pri inventarizácii zdrojov a ich efektívnej transformácii na výkonnú ekonomiku, ako aj na úlohy pri rozvoji vidieckych sídiel a vidieckej krajiny. | ||
| 610 | 2 | 0 | |a podnikatelia |
| 610 | 2 | 0 | |a podnik poľnohospodársky |
| 610 | 2 | 0 | |a samospráva miestna |
| 610 | 2 | 0 | |a kooperácia |
| 610 | 2 | 0 | |a politika komunálna |
| 610 | 2 | 0 | |a vidiek |
| 610 | 2 | 0 | |a rozvoj hospodársky |
| 610 | 2 | 0 | |a rozvoj sociálny |
| 100 | 1 | |a Gozora, Vladimír | |